Cuando una niña dice no es no: escuchemos la voz de las niñas!
Shranjeno v:
| Glavni avtor: | |
|---|---|
| Format: | Knjiga |
| Jezik: | španščina |
| Izdano: |
Valparaíso
Casa de la Mujer
2001
|
| Serija: | Serie Violencia
|
| Teme: | |
| Oznake: |
Označite
Brez oznak, prvi označite!
|
MARC
| LEADER | 00000nam a2200000 a 4500 | ||
|---|---|---|---|
| 001 | UCL0875 | ||
| 003 | CL-VaPUC | ||
| 008 | 030825e20010000CL |||||||||||||||||spa|d | ||
| 082 | 0 | 4 | |a 362.83 |b SAN |2 21 |
| 100 | 0 | |a Santana Nazarit, Paula |e author |9 477608 | |
| 245 | 1 | 0 | |a Cuando una niña dice no es no: escuchemos la voz de las niñas! |
| 246 | 1 | 0 | |a Violencia sexual en niñas: diagnóstico en liceos municipalizados de la Quinta Región - Chile |
| 300 | |a 120 p | ||
| 942 | |c BK | ||
| 945 | |d 20030825 00:00:00 |a cmena | ||
| 260 | |a Valparaíso |b Casa de la Mujer |c 2001 | ||
| 650 | 0 | |a Violencia intrafamiliar |9 312986 | |
| 650 | 0 | |a Mujeres |9 257649 | |
| 650 | 0 | |a Derechos de la mujer |9 257074 | |
| 650 | 0 | |a Delitos |9 224143 | |
| 583 | |a last modification |c 20030825 00:00:00 |k Rodrigo Vera | ||
| 490 | 0 | |a Serie Violencia | |
| 999 | |c 304601 |d 304599 | ||
| 952 | |0 0 |1 0 |4 0 |6 362_830000000000000_SAN_2001 |7 0 |8 A |9 367100 |a BIBGIM |b BIBGIM |d 2019-11-21 |i 3933083 |o 362.83 SAN 2001 |p 3933083 |r 2025-01-15 |w 2019-11-21 |y BK |k GIM | ||
| 952 | |0 0 |1 0 |4 0 |6 362_830000000000000_SAN_2001 |7 0 |8 A |9 367101 |a BIBGIM |b BIBGIM |d 2019-11-21 |i 3933091 |o 362.83 SAN 2001 |p 3933091 |r 2025-01-15 |w 2019-11-21 |y BK |k GIM | ||
| 952 | |0 0 |1 0 |4 0 |6 362_830000000000000_SAN_2001 |7 0 |8 A |9 367102 |a BIBGIM |b BIBGIM |d 2019-11-21 |i 3933105 |o 362.83 SAN 2001 |p 3933105 |r 2025-01-15 |w 2019-11-21 |y BK |k GIM | ||